000 00894nam a2200229 a 4500
001 65970
003 BD-RjUL
005 20211209081504.0
008 170313s19681932enk 000 0 eng d
035 _a(BD-RjUL) 66100
040 _aBD-RjUL
_cBD-RjUL
_dBD-RjUL
_beng
041 _aeng
082 _a822.33
_223
_bBRE 1968
100 1 _aBradbrook, M. C.
_q(Muriel Clara),
_d1909-1993.
_9189358
245 1 0 _aElizabethan stage conditions :
_ba study of their place in the interpretation of Shakespeare's plays /
_cby M. C. Bradbrook
260 _aCambridge :
_bThe University press,
_c1932 [reprinted 1968].
300 _aix, 148 p. ;
_c19 cm.
600 1 0 _aShakespeare, William,
_d1564-1616
_xStage history
_yTo 1625.
_9195124
600 1 0 _aShakespeare, William,
_d1564-1616
_xCriticism and interpretation.
_9176561
600 1 0 _aShakespeare, William,
_d1564-1616
_xTechnique.
_9195125
942 _2ddc
_cBK
999 _c65970
_d65970